[Event "AUTO-ADV-4868"]
[Site "http://www.queenalice.com/game.php?id=1857922"]
[Date "2025.5.25"]
[Round "1"]
[White "miguel7"]
[Black "Daniel1962"]
[Result "1-0"]
[WhiteElo "1938"]
[BlackElo "1723"]

1. e4 e5 2. Nc3 Bc5 3. Qh5 d6 4. Bc4 g6 5. Qf3 Nf6 6. d3 Bg4 7. Qg3 Nc6 8. Bg5
Nd4 9. Rc1 h6 10. Bxf6 Qxf6 11. Qxg4 Ne6 12. Nd5 Qxf2+ 13. Kd1 Qf1+ 14. Kd2 Qf2+
15. Qe2 Qf4+ 16. Nxf4 Nxf4 17. Qf3 Bd4 18. c3 Bb6 19. g3 Ne6 20. Re1 O-O-O 21.
Qxf7 Ng5 22. Qxg6 Rdf8 23. Be6+ Nxe6 24. Qxe6+ Kb8 25. Qc4 Rf2+ 26. Ne2 Rhf8 27.
Rhf1 Rxf1 28. Rxf1 Rc8 29. Rf6 Rh8 30. Rxh6 Rf8 31. g4 a6 32. h4 Rf3 33. Qg8+
Ka7 34. g5 Be3+ 35. Ke1 Bf2+ 36. Kd1 Rxd3+ 37. Kc2 Re3 38. Kd2 Rxe4 39. Qf8 Bc5
40. g6 Be3+ 41. Kd3 d5 42. Rh7 c5 43. Qf7 c4+ 44. Kc2 Bf4 45. Qxb7# 1-0

[Event "AUTO-ADV-4868"]
[Site "http://www.queenalice.com/game.php?id=1857933"]
[Date "2025.5.25"]
[Round "1"]
[White "Castling"]
[Black "miguel7"]
[Result "1-0"]
[WhiteElo "1828"]
[BlackElo "1920"]

1. e4 e5 2. Bc4 Bc5 3. Nf3 d6 4. h3 a6 5. Nc3 c6 6. d3 h6 7. Bd2 Qf6 8. Qe2 b5
9. Bb3 Ne7 10. O-O-O a5 11. a3 a4 12. Ba2 O-O 13. Rdf1 b4 14. axb4 Bxb4 15. b3
axb3 16. Bxb3 d5 17. Nb1 Bxd2+ 18. Nfxd2 Be6 19. Nf3 Nd7 20. Kd2 dxe4 21. Bxe6
Qxe6 22. Qxe4 Nc5 23. Qxe5 Ra2 24. Qxc5 Rd8 25. Nd4 Qd5 26. Qxd5 Rxd5 27. Nc3
Rxc2+ 28. Kxc2 Rxd4 29. Re1 Nf5 30. Re8+ Kh7 31. g4 Nd6 32. Rd8 c5 33. Re1 Kg6
34. f4 h5 35. f5+ Kg5 36. Re3 Kf4 37. Nd1 hxg4 38. hxg4 Kxg4 39. Rg8 Nxf5 40.
Re4+ Kg5 41. Rxd4 Nxd4+ 42. Kc3 Ne6 43. Nf2 f5 44. Kc4 f4 45. Ne4+ Kg6 46. Nxc5
Kf7 47. Rh8 Nc7 48. Nd7 g5 49. Ne5+ Kf6 50. d4 Ke6 51. Rg8 Kf5 52. Nf3 g4 53.
Nh4+ Ke4 54. Rxg4 Ke3 55. d5 f3 56. Nxf3 Kxf3 57. Rg7 Nxd5 58. Kxd5 Kf4 59. Re7
1-0

[Event "AUTO-ADV-4868"]
[Site "http://www.queenalice.com/game.php?id=1857934"]
[Date "2025.5.25"]
[Round "1"]
[White "miguel7"]
[Black "Castling"]
[Result "1-0"]
[WhiteElo "1912"]
[BlackElo "1795"]

1. e4 e5 2. Nc3 a6 3. Nf3 d6 4. Bc4 h6 5. d4 Bg4 6. h3 Bh5 7. dxe5 Bxf3 8. Qxf3
f6 9. Qh5+ Kd7 10. Qf5+ Kc6 11. Bd5+ Kb6 12. Be3+ c5 13. b4 Nd7 14. bxc5+ dxc5
15. Rb1+ Kc7 16. Rxb7+ Kc8 17. e6 Qa5 18. exd7+ Kd8 19. Kd2 Ne7 20. Qe6 Nxd5 21.
Qe8# 1-0

[Event "AUTO-ADV-4868"]
[Site "http://www.queenalice.com/game.php?id=1857939"]
[Date "2025.5.25"]
[Round "1"]
[White "juim"]
[Black "miguel7"]
[Result "0-1"]
[WhiteElo "1625"]
[BlackElo "1945"]

1. e4 e5 2. d4 f5 3. exf5 e4 4. Be3 d5 5. c4 Bb4+ 6. Bd2 Bxd2+ 7. Qxd2 Bxf5 8.
Nc3 c6 9. O-O-O Nf6 10. Be2 O-O 11. cxd5 cxd5 12. Bb5 a6 13. Ba4 b5 14. Bb3 Nc6
15. f3 Qa5 16. Nge2 Nb4 17. a3 Nd3+ 18. Kb1 Nf2 19. Bc2 Nxh1 20. Rxh1 b4 21. Na2
Rac8 22. Bb3 e3+ 23. Qc2 Rxc2 24. Bxc2 Bxc2+ 25. Kxc2 b3+ 26. Kxb3 Rb8+ 27. Nb4
Qb5 28. Nc3 Qb7 29. Re1 a5 30. Rxe3 axb4 31. axb4 Qxb4+ 32. Kc2 Qxb2+ 33. Kd1
Ra8 34. Ke1 Ra1+ 35. Nd1 Qc2 36. Re2 Qxd1+ 37. Kf2 Qf1+ 0-1

[Event "AUTO-ADV-4868"]
[Site "http://www.queenalice.com/game.php?id=1857940"]
[Date "2025.5.25"]
[Round "1"]
[White "miguel7"]
[Black "juim"]
[Result "1-0"]
[WhiteElo "1936"]
[BlackElo "1645"]

1. e4 d5 2. e5 e6 3. d4 Nc6 4. Nf3 Bb4+ 5. c3 Ba5 6. Bg5 Nge7 7. b4 Bb6 8. a4
O-O 9. a5 Bd7 10. axb6 cxb6 11. b5 Na5 12. Na3 Nc4 13. Nxc4 dxc4 14. Bxc4 a6 15.
O-O h6 16. Bh4 Bc8 17. Bd3 Bd7 18. Ng5 f6 19. Nh7 Rf7 20. Bxf6 g5 21. Qh5 Rxh7
22. Bxh7+ Kf8 23. Qxh6+ Ke8 24. Bg6+ Nxg6 25. Qxg6+ Kf8 26. Qg7+ 1-0

[Event "AUTO-ADV-4835"]
[Site "http://www.queenalice.com/game.php?id=1859032"]
[Date "2025.6.22"]
[Round "2"]
[White "shmurtz91"]
[Black "miguel7"]
[Result "1-0"]
[WhiteElo "1976"]
[BlackElo "1904"]

1. d4 e5 2. dxe5 Nc6 3. Nf3 Qe7 4. g3 Nxe5 5. Bg2 Qb4+ 6. Nbd2 Nc4 7. c3 Qc5 8.
Nb3 Qb6 9. Qd3 Bc5 10. O-O Nd6 11. e4 Ne7 12. Nbd2 Qxb2 13. Bxb2 a6 14. Rab1 b5
15. e5 Nb7 16. c4 d5 17. Nd4 bxc4 18. Nxc4 Bxd4 19. Nd6+ cxd6 20. Qxd4 Nc6 21.
Qb6 Kd7 22. Bh3+ Ke7 23. Qc7+ Ke8 24. Bxc8 Nbd8 25. exd6 Ra7 26. Rfe1+ Kf8 27.
d7 f6 28. Ba3+ Kf7 29. Qd6 Kg6 30. Re8 1-0

[Event "AUTO-ADV-4835"]
[Site "http://www.queenalice.com/game.php?id=1859033"]
[Date "2025.6.22"]
[Round "2"]
[White "miguel7"]
[Black "shmurtz91"]
[Result "1-0"]
[WhiteElo "1900"]
[BlackElo "1989"]

1. e4 e5 2. Nc3 Nf6 3. f4 Nc6 4. Nf3 d6 5. Bb5 Bd7 6. Bxc6 bxc6 7. fxe5 Ng4 8.
exd6 cxd6 9. Qe2 Be7 10. d4 O-O 11. Bf4 Nf6 12. O-O-O Qb6 13. Qd3 Rfd8 14. h3 h6
15. e5 Nh5 16. Bxh6 gxh6 17. exd6 Bxd6 18. g4 Bf4+ 19. Kb1 Ng7 20. Rhg1 Rab8 21.
b3 Be6 22. Ne2 c5 23. Nxf4 c4 24. Qc3 cxb3 25. Nxe6 bxa2+ 26. Kxa2 Qxe6+ 27. d5
Qa6+ 28. Qa3 Qc4+ 29. Ka1 Rb4 30. Rd4 Qxd4+ 31. Nxd4 Rxd4 32. g5 h5 33. g6 f6
34. Qxa7 R4xd5 35. Rb1 R5d7 36. Qf2 Rd6 37. Qf4 1-0

[Event "AUTO-ADV-4835"]
[Site "http://www.queenalice.com/game.php?id=1859034"]
[Date "2025.6.22"]
[Round "2"]
[White "Capixaba789"]
[Black "miguel7"]
[Result "1-0"]
[WhiteElo "1879"]
[BlackElo "1948"]

1. d4 e5 2. dxe5 Nc6 3. Bf4 Qe7 4. Nf3 Qb4+ 5. Nbd2 Qxf4 6. e3 Qb4 7. Bd3 Qe7 8.
O-O d5 9. Bb5 Bg4 10. Bxc6+ bxc6 11. Qc1 Qd8 12. Nd4 c5 13. N4f3 Rb8 14. c3 a5
15. e4 c6 16. Re1 g6 17. Qc2 Bh6 18. Qa4 dxe4 19. Qxe4 Bxf3 20. Nxf3 Ne7 21. e6
f5 22. Qe5 Rg8 23. Rad1 Nd5 24. e7 Qc8 25. Qd6 Rxb2 26. Ne5 Bf4 27. Qxc5 Bd2 28.
Re2 Bxc3 29. Rxb2 Bxb2 30. Rxd5 Bxe5 31. Rd8+ Qxd8 32. exd8=R+ Kxd8 33. Qxe5 Re8
34. Qd6+ Kc8 35. Qxc6+ Kd8 36. Kf1 Re7 37. Qa8+ Kd7 38. Qxa5 Ke6 39. f4 Kf7 40.
a4 Kg7 41. Qb5 Ra7 42. a5 1-0

[Event "AUTO-ADV-4835"]
[Site "http://www.queenalice.com/game.php?id=1859035"]
[Date "2025.6.22"]
[Round "2"]
[White "miguel7"]
[Black "Capixaba789"]
[Result "1-0"]
[WhiteElo "1923"]
[BlackElo "1847"]

1. e4 e5 2. Nc3 Nf6 3. f4 exf4 4. e5 Ng8 5. Nf3 Nc6 6. Qe2 Be7 7. h4 h5 8. d4
Nh6 9. Bxf4 d5 10. a3 Be6 11. Ng5 Bg4 12. Qf2 Bxg5 13. hxg5 Nf5 14. Be2 Nfxd4
15. Bxg4 O-O 16. Rxh5 Re8 17. Qh4 Kf8 18. Rh8+ Ke7 19. g6+ f6 20. exf6+ gxf6 21.
Qh7# 1-0

[Event "AUTO-ADV-4881"]
[Site "http://www.queenalice.com/game.php?id=1860833"]
[Date "2025.7.30"]
[Round "1"]
[White "Jsc"]
[Black "miguel7"]
[Result "0-1"]
[WhiteElo "1949"]
[BlackElo "1900"]

1. e4 e5 2. Nf3 Nc6 3. d4 f5 4. Nxe5 Nxe5 5. dxe5 fxe4 6. Bc4 d5 7. exd6 Bxd6 8.
O-O Bf5 9. Bxg8 Rxg8 10. Qd5 Rf8 11. Qxb7 Kf7 12. Kh1 Qh4 13. g3 Qh3 14. Qd5+
Kg6 15. Qc4 Rae8 16. Be3 Bg4 17. Nd2 h5 0-1

[Event "AUTO-ADV-4881"]
[Site "http://www.queenalice.com/game.php?id=1860834"]
[Date "2025.7.30"]
[Round "1"]
[White "miguel7"]
[Black "Jsc"]
[Result "0-1"]
[WhiteElo "1910"]
[BlackElo "2056"]

1. e4 e6 2. Nf3 c5 3. e5 d5 4. c4 d4 5. d3 Nc6 6. Bg5 Qc7 7. g3 Nxe5 8. Bf4 Bd6
9. Bg2 h6 10. b4 Ng6 11. bxc5 Nxf4 12. cxd6 Nxg2+ 13. Kf1 Qxd6 14. Kxg2 b6 15.
Re1 Bb7 16. Nd2 Ne7 17. Ne4 Qc7 18. Nxd4 f5 19. Nxe6 Qe5 20. Nf4 fxe4 21. Kg1
Rd8 22. Qa4+ Bc6 23. Rxe4 Qxe4 24. dxe4 Bxa4 25. Nd5 Nxd5 26. cxd5 Kf7 27. f3
Rhe8 28. Kg2 Ke7 29. Kh3 Kd6 30. Rc1 Rc8 31. Re1 Rc5 32. Rd1 Bxd1 0-1

[Event "AUTO-ADV-4881"]
[Site "http://www.queenalice.com/game.php?id=1860845"]
[Date "2025.7.30"]
[Round "1"]
[White "Capixaba789"]
[Black "miguel7"]
[Result "1-0"]
[WhiteElo "1901"]
[BlackElo "1921"]

1. d4 e5 2. d5 e4 3. e3 Nf6 4. c4 Bc5 5. Nc3 Bb4 6. Bd2 Bxc3 7. Bxc3 c5 8. d6 a6
9. Be2 O-O 10. Nh3 h6 11. O-O b5 12. Nf4 Nc6 13. Nh5 Nxh5 14. Bxh5 g6 15. f4 b4
16. Bxg6 bxc3 17. Bxe4 Bb7 18. Qg4+ Kh8 19. Qf5 1-0

[Event "AUTO-ADV-4881"]
[Site "http://www.queenalice.com/game.php?id=1860846"]
[Date "2025.7.30"]
[Round "1"]
[White "miguel7"]
[Black "Capixaba789"]
[Result "1-0"]
[WhiteElo "1891"]
[BlackElo "1977"]

1. e4 e5 2. f4 exf4 3. Nf3 Be7 4. d4 Bh4+ 5. g3 fxg3 6. Bg2 gxh2+ 7. Ke2 Bg3 8.
Bg5 f6 9. Bh4 Bxh4 10. Nxh4 d5 11. exd5 Nh6 12. Re1 O-O 13. Kd3 Ng4 14. Qf3 Na6
15. a3 Bd7 16. d6 c5 17. Qxb7 Ne5+ 18. Kd2 Qa5+ 19. b4 Nc4+ 20. Kc1 Qb5 21. Qxb5
Bxb5 22. Bxa8 Rxa8 23. bxc5 Rd8 24. Nc3 Be8 25. Rh1 g5 26. Nf5 Bg6 27. Ne7+ Kf7
28. Rxh2 Ne3 29. Nxg6 Kxg6 30. Nb5 Nb8 31. Nxa7 Rd7 32. Nb5 Nc6 33. Kd2 Nf5 34.
Kd3 h5 35. a4 g4 36. c3 Kg5 37. a5 g3 38. Rg2 h4 39. a6 h3 40. Rga2 h2 41. Rh1
Kg4 42. d5 Na7 43. c6 1-0

[Event "AUTO-ADV-4890"]
[Site "http://www.queenalice.com/game.php?id=1862392"]
[Date "2025.9.2"]
[Round "1"]
[White "oniwa"]
[Black "miguel7"]
[Result "0-1"]
[WhiteElo "1886"]
[BlackElo "1881"]

1. d4 e5 2. dxe5 Nc6 3. Nf3 Qe7 4. Bg5 Qb4+ 5. Nc3 Qxb2 6. Nd5 Bb4+ 7. Nd2 Bxd2+
8. Bxd2 Qxe5 9. Bf4 Qd4 10. Qxd4 Nxd4 11. Rc1 Nb5 12. a4 Ne7 13. Nxe7 Nc3 14.
Nf5 O-O 15. Ra1 d6 16. e3 Bxf5 17. Bd3 Bxd3 18. cxd3 Rfe8 19. O-O Ne2+ 20. Kh1
Nxf4 21. exf4 f5 22. h3 Re2 23. g4 g6 24. gxf5 gxf5 25. Rg1+ Kf7 26. Rg2 Rd2 27.
Rag1 Rxd3 28. Rg7+ Ke6 29. Rxh7 c5 30. Rg6+ Kd5 31. Rg5 Ke4 32. Kg2 Kxf4 33. h4
c4 34. Rg3 Rb8 35. Rd7 a6 36. Rxd3 cxd3 37. Rxd6 Ke4 38. h5 b5 39. Rxa6 b4 40.
Rc6 b3 41. Rc4+ Ke5 42. Rc1 Kd4 43. Kf1 d2 44. Rd1 Kc3 0-1

[Event "AUTO-ADV-4890"]
[Site "http://www.queenalice.com/game.php?id=1862393"]
[Date "2025.9.2"]
[Round "1"]
[White "miguel7"]
[Black "oniwa"]
[Result "0-1"]
[WhiteElo "1911"]
[BlackElo "1919"]

1. e4 e5 2. f4 exf4 3. Nf3 Nf6 4. e5 Nd5 5. d4 Bb4+ 6. c3 Ba5 7. Bc4 c6 8. Ng5
Qxg5 9. g3 O-O 10. Qf3 d6 11. gxf4 Qh4+ 12. Ke2 Bg4 13. Rf1 Bxf3+ 14. Rxf3 Qxh2+
15. Kd3 Qg2 16. Bxd5 cxd5 17. Re3 Qf1+ 18. Kc2 Qxf4 19. exd6 Qxd6 20. Na3 Nc6
21. Nb5 Qh2+ 22. Bd2 a6 23. b4 Bb6 24. Rae1 axb5 0-1

[Event "AUTO-ADV-4890"]
[Site "http://www.queenalice.com/game.php?id=1862408"]
[Date "2025.9.2"]
[Round "1"]
[White "SGF"]
[Black "miguel7"]
[Result "1-0"]
[WhiteElo "1750"]
[BlackElo "1906"]

1. e4 e5 2. Qf3 Qe7 3. Bc4 Nf6 4. d3 d6 5. Ne2 Nc6 6. c3 h6 7. Bb5 a6 8. Bxc6+
bxc6 9. b4 d5 10. h3 Be6 11. a4 a5 12. g4 c5 13. b5 Rb8 14. O-O d4 15. c4 h5 16.
g5 Nd7 17. h4 g6 18. Ng3 f6 19. gxf6 Nxf6 20. Bg5 Bg7 21. Nd2 Qd7 22. Bxf6 Bg4
23. Qg2 Bxf6 24. Nb3 Bh3 25. Qf3 Bxf1 26. Qxf6 Rf8 27. Qxg6+ Kd8 28. Nxc5 Qh3
29. Qg5+ Kc8 30. Rxf1 Rb6 31. Qg7 Qg4 32. Qxf8# 1-0

[Event "AUTO-ADV-4890"]
[Site "http://www.queenalice.com/game.php?id=1862409"]
[Date "2025.9.2"]
[Round "1"]
[White "miguel7"]
[Black "SGF"]
[Result "1-0"]
[WhiteElo "1895"]
[BlackElo "1761"]

1. e4 e5 2. f4 Qf6 3. Nf3 exf4 4. e5 Qe6 5. d4 d6 6. Ng5 Qg6 7. Bxf4 Be7 8. Bd3
f5 9. exf6 Qxf6 10. O-O h6 11. Qh5+ Kd8 12. Bg6 Qxd4+ 13. Kh1 Nf6 14. Nf7+ Kd7
15. Bf5+ Kc6 16. Qf3+ Qd5 17. Qc3+ Qc5 18. Qxc5+ dxc5 19. Nxh8 Bxf5 20. Rf2 Ne4
21. Re2 Nd7 22. Nf7 Bf6 23. c3 Re8 24. Nd2 g5 25. Nxh6 gxf4 26. Nxf5 b5 27. a4
b4 28. Rf1 bxc3 29. bxc3 Bxc3 30. Nxe4 Ba5 31. Rxf4 Nf6 32. Ng7 Re7 33. Rxf6+
Kb7 34. Nxc5+ Kb8 35. Rf8+ Re8 36. Rfxe8# 1-0

[Event "AUTO-ADV-4890"]
[Site "http://www.queenalice.com/game.php?id=1862420"]
[Date "2025.9.2"]
[Round "1"]
[White "miguel7"]
[Black "JailtonMaster"]
[Result "0-1"]
[WhiteElo "1884"]
[BlackElo "2201"]

1. e4 c5 2. b3 e6 3. Ba3 d5 4. e5 Nc6 5. Bb5 Qc7 6. d4 a6 7. Bxc6+ Qxc6 8. c3 h5
9. h4 cxd4 10. Bxf8 dxc3 11. Bxg7 c2 12. Qc1 cxb1=R 13. Rxb1 Qxc1+ 14. Rxc1 Rh7
15. Bf6 Nxf6 16. exf6 Rh6 17. Nh3 Rxf6 18. O-O e5 19. Ng5 Bd7 20. Rcd1 Bc6 21.
Rfe1 e4 22. f3 O-O-O 23. a4 exf3 24. Nxf3 Rg8 25. Ne5 Rf4 26. Nxc6 bxc6 27. Re7
Kb8 28. Rc1 Rg6 29. Re8+ Kb7 30. a5 Re6 31. Rf8 Ref6 32. g3 Rf3 33. Kg2 Rxb3 34.
Rh8 Rf5 35. Re1 Kc7 36. Rhe8 Ra3 37. R8e7+ Kd6 38. Rb7 Rxa5 39. Rb6 Ra2+ 40. Kg1
Rf3 41. Rc1 Rxg3+ 42. Kh1 Ra4 43. Rcxc6+ Ke5 44. Kh2 Rg6 0-1

[Event "AUTO-ADV-4890"]
[Site "http://www.queenalice.com/game.php?id=1862421"]
[Date "2025.9.2"]
[Round "1"]
[White "JailtonMaster"]
[Black "miguel7"]
[Result "1-0"]
[WhiteElo "2140"]
[BlackElo "1918"]

1. e4 e5 2. Nf3 Nc6 3. Bb5 Qf6 4. d3 a6 5. Ba4 h6 6. Nc3 Bb4 7. Bd2 b5 8. Nd5
Bxd2+ 9. Qxd2 Qd6 10. Bb3 Nf6 11. O-O Nxd5 12. Bxd5 Qf6 13. Bxc6 Qxc6 14. Nxe5
Qf6 15. f4 d6 16. Nf3 Bg4 17. e5 dxe5 18. Nxe5 O-O-O 19. Nxg4 Qxb2 20. a4 Qd4+
21. Nf2 f5 22. axb5 axb5 23. Qa5 c6 24. Qa8+ Kd7 25. Qb7+ Kd6 26. Ra7 Kc5 27.
Ra6 Rd6 28. Qa7+ Kb4 29. c3+ Qxc3 30. Rb1+ 1-0

[Event "AUTO-ADV-4900"]
[Site "http://www.queenalice.com/game.php?id=1864727"]
[Date "2025.10.25"]
[Round "1"]
[White "kuntakinte"]
[Black "miguel7"]
[Result "1-0"]
[WhiteElo "1688"]
[BlackElo "1897"]

1. e4 e5 2. Nf3 Nc6 3. Bc4 d6 4. O-O Bg4 5. Be2 a6 6. d3 h6 7. Nc3 Nb4 8. Bd2 b5
9. a3 Nc6 10. b4 g5 11. h3 h5 12. hxg4 hxg4 13. Nxg5 Qf6 14. Bxg4 Bh6 15. Nd5
Qd8 16. Qf3 f6 17. Bh5+ Kd7 18. Qf5# 1-0

[Event "AUTO-ADV-4900"]
[Site "http://www.queenalice.com/game.php?id=1864742"]
[Date "2025.10.25"]
[Round "1"]
[White "Tonto"]
[Black "miguel7"]
[Result "1-0"]
[WhiteElo "1968"]
[BlackElo "1855"]

1. e4 e5 2. Nf3 d6 3. h3 a6 4. Be2 Nc6 5. Nc3 h6 6. d3 Nf6 7. Be3 d5 8. exd5
Nxd5 9. Nxd5 Qxd5 10. a3 Bc5 11. c4 Qd6 12. Bxc5 Qf6 13. O-O h5 14. d4 Bg4 15.
dxe5 Nxe5 16. Nxe5 Qxe5 17. Bxg4 hxg4 18. Re1 f6 19. Rxe5+ fxe5 20. Qxg4 Rg8 21.
Qe6+ Kd8 22. Rd1# 1-0

[Event "AUTO-ADV-4900"]
[Site "http://www.queenalice.com/game.php?id=1864743"]
[Date "2025.10.25"]
[Round "1"]
[White "miguel7"]
[Black "SGF"]
[Result "1-0"]
[WhiteElo "1873"]
[BlackElo "1711"]

1. e4 e5 2. Nf3 Qf6 3. Bc4 d6 4. Nc3 Be7 5. d3 h6 6. Nd5 Qg6 7. Nxc7+ Kd7 8.
Nxa8 Bf6 9. O-O Ne7 10. Be3 b6 11. a4 Bb7 12. Bb5+ Nbc6 13. Nxb6+ axb6 14. Bxb6
h5 15. a5 h4 16. a6 h3 17. g3 Ba8 18. c4 Nc8 19. Be3 Qg4 20. b4 Na7 21. Bxa7 Kc7
22. Bxc6 Bxc6 23. b5 Ba8 24. b6+ Kc6 25. Qa4+ Kc5 26. Qb5# 1-0

[Event "AUTO-ADV-4900"]
[Site "http://www.queenalice.com/game.php?id=1864744"]
[Date "2025.10.25"]
[Round "1"]
[White "SGF"]
[Black "miguel7"]
[Result "0-1"]
[WhiteElo "1701"]
[BlackElo "1883"]

1. e4 e5 2. Qf3 Nf6 3. d3 h6 4. Be2 Bc5 5. Qg3 g5 6. Nc3 Bb4 7. Qxe5+ Be7 8. Nd5
Nxd5 9. Qxh8+ Bf8 10. exd5 Qe7 11. Nf3 d6 12. Nd4 Bg4 13. Be3 Bxe2 14. Nxe2 f6
15. O-O Nd7 16. h4 O-O-O 17. hxg5 Bg7 18. Qh7 Rh8 19. Qf5 hxg5 20. Rfe1 Kb8 21.
g4 Ne5 22. Nc3 a6 23. a4 Qe8 24. a5 Rh4 25. f3 Qh8 26. Kf2 Rh2+ 27. Kf1 Qh3+ 28.
Kg1 Qg2# 0-1

[Event "AUTO-OPEN-4621"]
[Site "http://www.queenalice.com/game.php?id=1864787"]
[Date "2025.10.28"]
[Round "1"]
[White "SGF"]
[Black "miguel7"]
[Result "1-0"]
[WhiteElo "1798"]
[BlackElo "1874"]

1. e4 e5 2. Qf3 Nc6 3. c3 Nf6 4. d3 h6 5. Be2 Bc5 6. Qg3 Bf8 7. h4 d6 8. b4 b5
9. a4 a6 10. axb5 Ne7 11. bxa6 Bxa6 12. Nf3 Nh5 13. Qg4 g6 14. Be3 Bc8 15. Rxa8
Bxg4 16. Rxd8+ Kxd8 17. Na3 c6 18. Nc4 Kc7 19. Nb6 Nc8 20. Nxc8 Kxc8 21. Nd2
Bxe2 22. Kxe2 Be7 23. Ra1 Kd7 24. d4 Bxh4 25. d5 Rc8 26. Ra7+ Ke8 27. Nc4 Be7
28. Nb6 Rb8 29. dxc6 Bd8 30. c7 Bxc7 31. Rxc7 Rd8 32. Bxh6 f5 33. Bg5 Nf4+ 34.
Bxf4 exf4 35. exf5 gxf5 36. Rh7 Kf8 37. Nd7+ Kg8 38. Nf6+ Kf8 39. b5 Rc8 40.
Rh8+ 1-0

[Event "AUTO-OPEN-4621"]
[Site "http://www.queenalice.com/game.php?id=1864817"]
[Date "2025.10.28"]
[Round "1"]
[White "miguel7"]
[Black "mvson33"]
[Result "0-1"]
[WhiteElo "1892"]
[BlackElo "1841"]

1. e4 c5 2. Bc4 d6 3. Nc3 Nc6 4. Qf3 Nf6 5. h3 Ne5 6. Qe2 g6 7. d3 Bg7 8. Nd5
O-O 9. Nf3 Nc6 10. c3 Na5 11. d4 cxd4 12. cxd4 Nxc4 13. Qxc4 Nxe4 14. O-O Be6
15. Bg5 Nxg5 16. Nxg5 Rc8 17. Qb3 b6 18. Nxe6 fxe6 19. Nf4 Rxf4 20. Rae1 Rc7 21.
Rxe6 Kh8 22. d5 Rf6 23. Rfe1 Rxe6 24. Rxe6 Be5 25. Qb4 Rc1+ 0-1